| 000 | 00595cam a22002171 4500 | ||
|---|---|---|---|
| 001 | ca 36000928 | ||
| 003 | DLC | ||
| 005 | 20260227111142.0 | ||
| 008 | 790831s1932 ilua 000 0 eng | ||
| 010 | _aca 36000928 | ||
| 035 | _a(OCoLC)5330641 | ||
| 040 |
_aDLC _cOCl _dDLC |
||
| 042 | _apremarc | ||
| 050 | 0 | 0 |
_aPN6120.C5 _bM55 |
| 082 | _a812.5 | ||
| 100 | 1 | _aLatham, Jean Lee. | |
| 245 | 1 | 0 |
_aMore blessed, _ba Christmas play in one act, _cby Paul Moffett. |
| 260 |
_aChicago, _bThe Dramatic publishing company _c[c1932] |
||
| 300 |
_a24 p. _bdiagr. _c19 cm. |
||
| 650 | 0 | _aChristmas plays. | |
| 999 |
_c18150 _d18150 |
||